[Event "CZE-ch U16"]
[Site "Kouty nad Desnou"]
[Date "2024.03.12"]
[Round "5"]
[White "Pressler, Tobias"]
[Black "Tegda, Vojtech"]
[Result "1-0"]
[WhiteElo "1954"]
[BlackElo "1936"]
[PlyCount "51"]
[EventDate "2024.03.09"]
[EventType "swiss"]
[EventRounds "9"]
[EventCountry "CZE"]
[SourceTitle "CB12_2024"]
[SourceDate "2023.10.01"]
[SourceVersion "1"]
[SourceVersionDate "2023.10.01"]
[SourceQuality "1"]

1. e4 e5 2. Nf3 Nc6 3. d4 exd4 4. Nxd4 Nf6 5. Nxc6 bxc6 6. Bd3 d6 7. 0-0 Be7 8. b3 Ng4 9. Bb2 Bf6 10. c3 Be5 11. h3 Qh4 12. Nd2 Bh2+ 13. Kh1 Bf4 14. Qe2 Nh2 15. Nf3 Nxf3 16. Qxf3 h5 17. e5 g5 18. exd6 Bg4 19. Qxc6+ Kf8 20. Qxa8+ Kg7 21. c4+ f6 22. Bxf6+ Kxf6 23. Qxh8+ Ke6 24. Rfe1+ Kxd6 25. Qd4+ Kc6 26. Be4# 1-0

[Event "Pardubice Czech op-E 34th"]
[Site "Pardubice"]
[Date "2023.07.13"]
[Round "1"]
[White "Pressler, Tobias"]
[Black "Hatas, Radim"]
[Result "1-0"]
[WhiteElo "1871"]
[BlackElo "1658"]
[PlyCount "35"]
[EventDate "2023.07.13"]
[EventType "team-swiss"]
[EventRounds "7"]
[EventCountry "CZE"]
[SourceTitle "CBM 215 Extra"]
[Source "ChessBase"]
[SourceDate "2023.09.30"]
[SourceVersion "1"]
[SourceVersionDate "2023.09.30"]
[SourceQuality "1"]
[WhiteTeam "Ricany 1925"]
[BlackTeam "Roztoky Caissa II"]
[WhiteTeamCountry "CZE"]
[BlackTeamCountry "CZE"]

1. e4 Nf6 2. e5 Nd5 3. d4 d6 4. c4 Nb6 5. f4 g6 6. Be2 Bg7 7. Nf3 0-0 8. 0-0 Be6 9. Na3 N8d7 10. Ng5 h6 11. Nxe6 fxe6 12. Be3 c5 13. dxc5 Nxc5 14. Qc2 Qe8 15. Nb5 Rd8 16. Bg4 Qf7 17. Bxc5 dxc5 18. Nc7 1-0

[Event "CZE-ch Amateur"]
[Site "Hluk"]
[Date "2023.05.06"]
[Round "2"]
[White "Sudrich, Radek1111"]
[Black "Pressler, Tobias"]
[Result "1-0"]
[WhiteElo "1397"]
[BlackElo "1971"]
[PlyCount "45"]
[EventDate "2023.05.06"]
[EventType "swiss"]
[EventRounds "9"]
[EventCountry "CZE"]
[SourceTitle "CBM 214 Extra"]
[Source "ChessBase"]
[SourceDate "2023.07.31"]
[SourceVersion "1"]
[SourceVersionDate "2023.07.31"]
[SourceQuality "1"]

1. e4 e6 2. d4 d5 3. exd5 exd5 4. Bd3 c5 5. dxc5 Bxc5 6. Nf3 Nf6 7. 0-0 0-0 8. Bg5 Qd6 9. Nc3 Nbd7 10. Re1 a6 11. Qd2 b5 12. Re2 Bb7 13. Rae1 h6 14. Bxh6 Nh5 15. Bg5 f6 16. Re6 Qc7 17. Be3 d4 18. Nxd4 Bxd4 19. Bxd4 Nf4 20. Re7 Nxg2 21. Qg5 Rf7 22. Qh5 Rxe7 23. Rxe7 1-0

[Event "Mid Bohemia Region-chT 2223"]
[Site "Czech Republic"]
[Date "2023.02.26"]
[Round "9.7"]
[White "Pressler, Tobias"]
[Black "Innemann, Frantisek"]
[Result "1-0"]
[WhiteElo "1913"]
[BlackElo "1807"]
[PlyCount "53"]
[EventDate "2022.10.09"]
[EventType "team-tourn"]
[EventRounds "11"]
[EventCountry "CZE"]
[SourceTitle "EXT 2024"]
[Source "ChessBase"]
[SourceDate "2023.10.10"]
[SourceVersion "1"]
[SourceVersionDate "2023.10.10"]
[SourceQuality "1"]
[WhiteTeam "Ricany III"]
[BlackTeam "Vlasim II"]
[WhiteTeamCountry "CZE"]
[BlackTeamCountry "CZE"]

1. e4 e6 2. d4 d5 3. exd5 exd5 4. Qf3 Nf6 5. h3 Be7 6. Bd3 Nc6 7. c3 Be6 8. Ne2 Qd7 9. Be3 0-0-0 10. Nd2 h6 11. g4 g5 12. Ng3 Kb8 13. Bf5 Ne8 14. Nb3 b6 15. Bd3 Nd6 16. 0-0-0 Rhf8 17. Nf5 Bxf5 18. gxf5 Ne8 19. Bb5 Nf6 20. c4 Kb7 21. Rd2 a6 22. Ba4 Qd6 23. Rc2 Ka7 24. c5 bxc5 25. dxc5 Qe5 26. Bxc6 Ne4 27. Rd1 1-0

[Event "Ricany op 20th"]
[Site "Ricany"]
[Date "2022.08.28"]
[Round "3"]
[White "Pressler, Tobias"]
[Black "Vetrovsky, Michal"]
[Result "0-1"]
[WhiteElo "1821"]
[BlackElo "2122"]
[PlyCount "100"]
[EventDate "2022.08.27"]
[EventType "swiss"]
[EventRounds "9"]
[EventCountry "CZE"]
[SourceTitle "CBM 210 Extra"]
[Source "ChessBase"]
[SourceDate "2022.11.30"]
[SourceVersion "1"]
[SourceVersionDate "2022.11.30"]
[SourceQuality "1"]

1. e4 c6 2. d4 d5 3. e5 Bf5 4. Be3 e6 5. Nd2 Ne7 6. Be2 Nd7 7. h4 h6 8. g4 Bh7 9. Nh3 c5 10. c3 cxd4 11. cxd4 Qb6 12. Nb3 Nc6 13. 0-0 Be7 14. g5 Bf5 15. Bg4 Bxg4 16. Qxg4 h5 17. Qf3 g6 18. Rfc1 a5 19. Qe2 0-0 20. Nc5 Nxc5 21. dxc5 Qb4 22. f4 Qe4 23. Nf2 Nd4 24. Qe1 Nf3+ 25. Kh1 Nxe1+ 26. Nxe4 Nd3 27. Nd6 Nxc1 28. Rxc1 Rfb8 29. a4 Ra6 30. Nb5 Rc6 31. Na7 Ra6 32. Nb5 Rc8 33. Kg2 Kf8 34. Rc3 Ke8 35. Kf3 Kd7 36. Ke2 Rac6 37. Na7 Rxc5 38. Nxc8 Rxc8 39. Kd3 Bb4 40. Rxc8 Kxc8 41. Bf2 Kc7 42. b3 Kc6 43. Bg3 Bc5 44. Be1 b6 45. Bg3 Bg1 46. Be1 Kc5 47. Kc3 Be3 48. Bg3 d4+ 49. Kd3 Kd5 50. Bh2 Bf2 0-1

[Event "CZE-ch U14"]
[Site "Herlikovice"]
[Date "2021.10.29"]
[Round "8"]
[White "Svoboda, Daniel"]
[Black "Pressler, Tobias"]
[Result "1-0"]
[WhiteElo "1545"]
[BlackElo "1792"]
[PlyCount "73"]
[EventDate "2021.10.23"]
[EventType "swiss"]
[EventRounds "9"]
[EventCountry "CZE"]
[SourceTitle "EXT 2023"]
[Source "ChessBase"]
[SourceDate "2022.10.05"]
[SourceVersion "1"]
[SourceVersionDate "2022.10.05"]
[SourceQuality "1"]

1. e4 c5 2. Nf3 Nc6 3. d4 cxd4 4. Nxd4 g6 5. c4 Bg7 6. Be3 d6 7. Nc3 Nf6 8. f3 Bd7 9. Qd2 Rc8 10. 0-0-0 Na5 11. b3 a6 12. Kb1 h5 13. Be2 Nc6 14. h3 h4 15. Qe1 Qa5 16. Nd5 Nxd5 17. exd5 Nb4 18. a4 b5 19. Bd2 Bxd4 20. Bxb4 Qb6 21. a5 Qa7 22. Rxd4 Qxd4 23. Bc3 Qe3 24. Bxh8 f6 25. Bxf6 exf6 26. Bd3 Qxe1+ 27. Rxe1+ Kf7 28. cxb5 Rc3 29. Bc4 axb5 30. Kb2 b4 31. a6 Bc8 32. a7 Bb7 33. Re6 Ba8 34. Rxd6 Re3 35. Rd8 Re8 36. Rxe8 Kxe8 37. Bb5+ 1-0

[Event "CZE-ch Betsys Online Blitz"]
[Site "Chess.com INT"]
[Date "2021.04.17"]
[Round "10"]
[White "Novosadova, Kristyna"]
[Black "Pressler, Tobias"]
[Result "1-0"]
[WhiteElo "2138"]
[BlackElo "1599"]
[PlyCount "51"]
[EventDate "2021.04.17"]
[EventType "swiss (blitz)"]
[EventRounds "13"]
[EventCountry "CZE"]
[SourceTitle "CBM 201 Extra"]
[Source "ChessBase"]
[SourceDate "2021.05.31"]
[SourceVersion "1"]
[SourceVersionDate "2021.05.31"]
[SourceQuality "1"]

1. e4 c5 2. Nf3 Nc6 3. d4 cxd4 4. Nxd4 Nf6 5. Nc3 g6 6. Be3 Bg7 7. Bc4 d6 8. f3 Bd7 9. Qd2 Rc8 10. Bb3 Na5 11. 0-0-0 Nc4 12. Bxc4 Rxc4 13. g4 a6 14. h4 b5 15. h5 b4 16. Nce2 Qa5 17. Kb1 Qc7 18. h6 Bf8 19. g5 Nh5 20. Rxh5 gxh5 21. Nf4 e6 22. Nxh5 Be7 23. Ng7+ Kd8 24. f4 e5 25. fxe5 dxe5 26. Nde6+ 1-0

[Event "CZE-ch Betsys Online Blitz"]
[Site "Chess.com INT"]
[Date "2021.04.17"]
[Round "3"]
[White "Pressler, Tobias"]
[Black "Richtrova, Eliska"]
[Result "0-1"]
[WhiteElo "1599"]
[BlackElo "2186"]
[PlyCount "64"]
[EventDate "2021.04.17"]
[EventType "swiss (blitz)"]
[EventRounds "13"]
[EventCountry "CZE"]
[SourceTitle "CBM 201 Extra"]
[Source "ChessBase"]
[SourceDate "2021.05.31"]
[SourceVersion "1"]
[SourceVersionDate "2021.05.31"]
[SourceQuality "1"]

1. e4 d6 2. d4 Nf6 3. Bd3 e5 4. dxe5 dxe5 5. Nf3 Nbd7 6. 0-0 c6 7. Nc3 Qc7 8. Be3 Be7 9. h3 0-0 10. Qe2 b5 11. a3 a6 12. Na2 Nc5 13. Nc3 Ne6 14. b4 Nh5 15. Rfd1 Nhf4 16. Qf1 Bf6 17. Ne2 Re8 18. Ng3 g6 19. c4 Nd4 20. Nxd4 exd4 21. Bxf4 Qxf4 22. Re1 Be5 23. Qe2 Be6 24. cxb5 cxb5 25. Rac1 Rec8 26. Rc2 Rxc2 27. Bxc2 Rc8 28. Bd3 Rc3 29. Rd1 Bc4 30. Bxc4 bxc4 31. a4 d3 32. Qd2 Qf6 0-1